Les 100 prénoms masculins les plus donnés en 2004 - Statistiques

Statistiques générales
  • Ce quiz a été pris 1 299 fois
  • Le résultat moyen est 56 sur 100
Statistiques - réponses
# 1ère lettre Prénom % Correct
13 L Léo
89%
16 Q Quentin
89%
3 T Théo
89%
10 L Louis
87%
2 L Lucas
87%
83 L Lukas
87%
21 P Paul
87%
4 T Thomas
87%
29 J Julien
86%
98 A Alex
85%
28 J Jules
84%
5 H Hugo
82%
7 N Nathan
82%
17 A Antoine
80%
43 K Kévin
80%
31 P Pierre
79%
8 M Maxime
78%
27 V Valentin
78%
14 A Alexandre
77%
1 E Enzo
77%
11 R Romain
76%
68 M Matthieu
74%
15 T Tom
74%
9 C Clément
72%
6 M Mathis
72%
40 V Victor
72%
12 A Alexis
70%
92 J Jean
70%
19 B Baptiste
69%
37 G Gabriel
69%
23 N Nicolas
69%
26 A Arthur
68%
35 M Mathieu
68%
67 N Noa
68%
79 W William
68%
18 M Mathéo
65%
82 Y Yann
65%
60 N Noé
63%
25 R Raphaël
63%
22 Y Yanis
63%
41 E Ethan
62%
52 K Kylian
61%
38 F Florian
60%
32 N Noah
59%
55 B Bastien
58%
93 C Charles
58%
74 D Damien
58%
58 M Martin
58%
20 M Mattéo
58%
45 A Anthony
57%
33 B Benjamin
57%
24 A Axel
56%
39 C Corentin
55%
89 D David
55%
46 S Samuel
55%
44 S Simon
55%
51 K Killian
54%
30 M Maxence
54%
72 V Vincent
54%
36 A Adrien
53%
49 M Maël
52%
57 G Guillaume
51%
77 J Jérémy
51%
42 E Evan
50%
64 M Mathias
49%
34 D Dylan
47%
61 T Thibault
47%
47 D Dorian
46%
48 M Mohamed
46%
59 S Sacha
46%
99 E Eliott
45%
71 R Rémi
44%
66 R Robin
44%
75 G Gabin
43%
85 N Nolan
43%
50 T Tristan
43%
56 M Matéo
42%
69 T Titouan
41%
54 A Adam
40%
65 E Estéban
38%
70 A Antonin
36%
80 J Jordan
36%
81 A Aurélien
34%
53 R Rayan
34%
97 G Gaëtan
33%
96 J Jonathan
33%
73 L Loïc
33%
62 E Erwan
32%
78 L Lilian
30%
100 M Marius
30%
63 M Mathys
30%
84 R Ryan
29%
95 T Thibaut
27%
87 B Bryan
25%
76 L Lenny
21%
90 L Logan
19%
88 L Lorenzo
19%
94 S Sofiane
17%
86 M Mehdi
16%
91 A Amine
12%
Aucun quiz correspondant
Distribution des résultats
% des personnes avec chaque résultat
Percentile par nombre de réponses
Votre historique - résultats
Vous n’avez pas pris ce quiz